La città e l'isola

I tiakina i:
Ngā taipitopito rārangi puna kōrero
Kaituhi matua: Goretti Gianfranco
Hōputu: Pukapuka
Reo:Undetermined
I whakaputaina: Roma Donzelli 2006
Ngā Tūtohu: Tāpirihia he Tūtohu
Kāore He Tūtohu, Me noho koe te mea tuatahi ki te tūtohu i tēnei pūkete!

MARC

LEADER 00000nam a2200000Ia 4500
001 131
003 NUMERAZIONE-ORIGINALE-BRESCIA
005 20260206230748.0
008 260206s9999 xx 000 0 und d
100 |a Goretti Gianfranco 
245 0 |a La città e l'isola 
260 |a Roma 
260 |b Donzelli 
260 |c 2006 
500 |a Omosessuali al confino nell'Italia fascista 
500 |a Saggine 
942 |2 ddc  |c BK  |n 0 
952 |0 0  |1 0  |2 ddc  |4 0  |6 26  |7 0  |9 28321  |a BS  |b BS  |d 2026-02-06  |i 131  |l 0  |o 2-6-*  |r 2026-02-06 22:40:32  |w 2026-02-06  |x [REVISIONARE]  |y BK 
999 |c 24012  |d 24012